ARRUPE JESUIT UNIVERSITY

CORONAVIRUS -STOP THE SPREAD - CLEAN,DISINFECT,COVER

National socialism and the Roman Catholic church; (Record no. 118233)

MARC details
000 -LEADER
fixed length control field 00973cam a2200265u 4500
001 - CONTROL NUMBER
control field 8312533
003 - CONTROL NUMBER IDENTIFIER
control field ARRUPE
005 - DATE AND TIME OF LATEST TRANSACTION
control field 20131002173118.0
008 - FIXED-LENGTH DATA ELEMENTS--GENERAL INFORMATION
fixed length control field 830331s1939 enkcf 000 0 eng
010 ## - LIBRARY OF CONGRESS CONTROL NUMBER
LC control number 39022727
040 ## - CATALOGING SOURCE
Original cataloging agency DLC
Transcribing agency CarP
Modifying agency DLC
043 ## - GEOGRAPHIC AREA CODE
Geographic area code e-gx---
050 00 - LIBRARY OF CONGRESS CALL NUMBER
Classification number DD Z53.M483
300 ## - PHYSICAL DESCRIPTION
Other physical details front., plates, port.
Dimensions 23 cm.
100 1# - MAIN ENTRY--PERSONAL NAME
Personal name Micklem, Nathaniel,
Dates associated with a name 1888- [from old catalog]
9 (RLIN) 2040
245 10 - TITLE STATEMENT
Title National socialism and the Roman Catholic church;
260 ## - PUBLICATION, DISTRIBUTION, ETC. (IMPRINT)
Place of publication, distribution, etc London,
-- New York [etc.]
Name of publisher, distributor, etc Oxford university press,
Date of publication, distribution, etc 1939.
300 ## - PHYSICAL DESCRIPTION
Extent xvi, 243, [1] p.
610 20 - SUBJECT ADDED ENTRY--CORPORATE NAME
Corporate name or jurisdiction name as entry element Catholic Church
Geographic subdivision Germany.
9 (RLIN) 2041
610 20 - SUBJECT ADDED ENTRY--CORPORATE NAME
Corporate name or jurisdiction name as entry element Nationalsozialistische Deutsche Arbeiter-Partei.
9 (RLIN) 2042
650 #0 - SUBJECT ADDED ENTRY--TOPICAL TERM
Topical term or geographic name as entry element Church and state
Geographic subdivision Germany
General subdivision History
Chronological subdivision 1933-1945.
9 (RLIN) 2043
651 #0 - SUBJECT ADDED ENTRY--GEOGRAPHIC NAME
Geographic name Germany
General subdivision Religion
Chronological subdivision 1933-1945.
9 (RLIN) 2044
710 2# - ADDED ENTRY--CORPORATE NAME
Corporate name or jurisdiction name as entry element Royal institute of international affairs. [from old catalog]
9 (RLIN) 2045
906 ## - LOCAL DATA ELEMENT F, LDF (RLIN)
a 0
b cbc
c premunv
d u
e ncip
f 19
g y-gencatlg
942 ## - ADDED ENTRY ELEMENTS (KOHA)
Source of classification or shelving scheme Library of Congress Classification
Koha item type Monograph ( Printed materials)
Holdings
Withdrawn status Lost status Source of classification or shelving scheme Damaged status Not for loan Home library Current library Shelving location Date acquired Total Checkouts Full call number Barcode Date last seen Price effective from Koha item type
    Library of Congress Classification     ARRUPE LIBRARY ARRUPE LIBRARY Main Collection 02/10/2013   DD Z53.M483 46410748 22/11/2017 02/10/2013 Monograph ( Printed materials)

 

Arrupe Library. PO Box MP320 Mt Pleasant, Harare, Zimbabwe
263 242 745411|librarian@aju.ac.zw